00255nam a2200097Ia 4500082000800000245003100008100002800039942003000067008004100097999001900138 aWES 0aBring terug die musikante  a Wessels, Ina 9105137 cBKy296zPhillipina Naude210825s9999 xx 000 0 und d c529103d529102